Statistics for Countries With Most Conflict Deaths

Click here to take the quiz!

General Stats

  • This quiz has been taken 43,466 times
    (32,035 since last reset)
  • The average score is 8 of 12

Answer Stats

#Country% Correct
250,000Syria
96%
92,000Iraq
96%
180,000Afghanistan
88%
13,000Pakistan
76%
13,000Sudan
70%
49,000Yemen
67%
12,000Libya
66%
26,000Somalia
64%
62,000South Sudan
62%
33,000Nigeria
58%
170,000Mexico
52%
10,000Ukraine
50%

Score Distribution

Percentile by Number Answered

Percent of People with Each Score

Your Score History

You have not taken this quiz since the last reset